000 00213nam a2200097Ia 4500
008 240331s9999 xx 000 0 und d
082 _bRAJ
100 _aRajadurai,S.V
245 0 _aBourdieuyum Marxisamum
942 _cL
999 _c4620
_d4620